000 00807nam a2200205Ii 4500
003 JO-AjNU
008 230605s9999||||xx |||||||||||||| ||und||
040 _aJO-AjNU
_bara
_erda
_cJO-AjNU
041 _aara
050 1 4 _aZ678.93.M53T37 2002
100 3 _aاتيم ، محمود احمد ,
_eauthor
_940766
245 0 0 _aالتركيبة الاردنية الموحدة (ت ا م) دليل اعداد التسجيلات البيلوغرافية لقواعد البيانات
250 _aط2
264 3 1 _aعمان : المركز الوطني ،2002
300 _a341ص
_bملاحق 297-340
336 _atext
_btxt
_2rdacontent
337 _aunmediated
_bn
_2rdamedia
338 _avolume
_bnc
_2rdacarrier
650 4 _aالبيانات الببليوجرافية المقروءة آليا
_940767
999 _aA17327
_c20895
_d20895